| 000 | 00789nam a2200277 i 4500 | ||
|---|---|---|---|
| 001 | 10393 | ||
| 003 | ES-MaACL | ||
| 005 | 20250804062728.0 | ||
| 007 | t| | ||
| 008 | 950530s1994 sp |||| | spa d | ||
| 020 | _a84-7628-143-9 | ||
| 080 | _a1(04) | ||
| 080 | _a1 Heidegger,Martin | ||
| 100 | 1 |
_aHeidegger, Martin. _962337 |
|
| 245 | 1 | 0 |
_aConferencias y artículos / _cMartin Heidegger ; traducción de Eustaquio Barjau. |
| 250 | _a1ª ed. | ||
| 260 |
_aBarcelona : _bSerbal, _c1994. |
||
| 300 |
_a246 p. ; _c20 cm. |
||
| 490 | 1 |
_aOdós ; _v5 |
|
| 650 | 1 | 7 |
_aFilosofía _2embne _912802 |
| 650 | 7 |
_aMetafísica _2embne _915012 |
|
| 700 | 1 |
_aBarjau, Eustaquio. _925665 |
|
| 830 | 0 |
_aOdós ; _v5 _9178829 |
|
| 852 |
_aES-MaACL _jL-17894 |
||
| 999 |
_c10393 _d10393 |
||